000 00715nam a2200241Ia 4500
003 OSt
005 20220923211100.0
006 a|||||r|||| 00| 0
007 ta
008 Pun
020 _a8178561530 (hbk)
024 _a232,672
037 _cTextual
040 _aARTS
_cARTS
_bPun
041 _2Pun
_aPun
082 _aO153,2NSW:g, P5
100 _aਰਾਜਦੀਪ ਕੌਰ
_9156278
245 0 _aਸਵਰਾਜਬੀਰ ਦੀ ਨਾਟ-ਚੇਤਨਾ
260 _aਅੰਮ੍ਰਿਤਸਰ
_b ਵਾਰਿਸ Fਾਹ ਫਾਉ੍ਵਡੇFਨ
_c2005
300 _a100ਪੰ
_ccm.
942 _hO153,2NSW:g, P5
_cTEXL
_2CC
999 _c294952
_d294952